countries not in north koreas missile range - Statistics

General Stats
  • This quiz has been taken 1,230 times
  • The average score is 25 of 29
Answers on the Map
Answers color-coded by a green-red scale on the quiz's map according to % correct below.
 
Answer Stats
Answer % Correct
argentina
98%
brazil
98%
chile
98%
colombia
96%
paraguay
96%
peru
96%
bolivia
95%
uruguay
95%
venezuela
95%
ecuador
94%
guyana
92%
panama
92%
suriname
92%
costa rica
87%
nicaragua
85%
haiti
84%
dominican republic
83%
dominica
81%
trinidad and tobago
81%
jamaica
80%
st lucia
80%
st kitts and nevis
79%
st vincent and the grenadines
79%
barbados
78%
antigua and barbuda
76%
grenada
74%
el salvador
72%
cape verde
68%
liberia
32%
No matching quizzes found
Score Distribution
Percent of People with Each Score
Percentile by Number Answered
Your Score History
You have not taken this quiz